Market comment from FPD Savills (Record no. 73862)
[ view plain ]
| 000 -LEADER | |
|---|---|
| fixed length control field | 01139cam a2200217 4500 |
| 001 - CONTROL NUMBER | |
| control field | WB3945-08 |
| 008 - FIXED-LENGTH DATA ELEMENTS--GENERAL INFORMATION | |
| fixed length control field | 031126n2003 000 0 eng u |
| 035 ## - SYSTEM CONTROL NUMBER | |
| System control number | (Sirsi) u124475 |
| 245 ## - TITLE STATEMENT | |
| Title | Market comment from FPD Savills |
| 260 ## - PUBLICATION, DISTRIBUTION, ETC. | |
| Date of publication, distribution, etc. | 2003 |
| 490 ## - SERIES STATEMENT | |
| Series statement | FPD Savills Research |
| Volume/sequential designation | November 2003, (1) |
| 520 ## - SUMMARY, ETC. | |
| Summary, etc. | Analyses the housing market for investors in the context of slower house price growth. Advises that would be investors will have to reconsider their strategies for making money out of the market in future. A simple way of doing this is to add value through home improvements. Notes the rising cost of rebuilding houses and the fact that an average house will have to last around 1 000 years before it is replaced due to the low level of house building. For the FPD Savills release: http://www.fpdsavills.co.uk/research.asp?content=%5Cuber%5Fresearch%5C3851%2Ehtm&subcategory=none&contenttype=research&category= |
| 590 ## - LOCAL NOTE (RLIN) | |
| Local note | WB |
| 650 ## - SUBJECT ADDED ENTRY--TOPICAL TERM | |
| Topical term or geographic name entry element | FPD SAVILLS |
| 650 ## - SUBJECT ADDED ENTRY--TOPICAL TERM | |
| Topical term or geographic name entry element | HOUSE PRICES |
| 650 ## - SUBJECT ADDED ENTRY--TOPICAL TERM | |
| Topical term or geographic name entry element | HOUSING GROWTH |
| 650 ## - SUBJECT ADDED ENTRY--TOPICAL TERM | |
| Topical term or geographic name entry element | HOUSE REBUILDING |
| 650 ## - SUBJECT ADDED ENTRY--TOPICAL TERM | |
| Topical term or geographic name entry element | HOUSE REPAIR |
| 690 ## - LOCAL SUBJECT ADDED ENTRY--TOPICAL TERM (OCLC, RLIN) | |
| Topical term or geographic name as entry element | HOUSING-DEVELOPMENT |
| 942 ## - ADDED ENTRY ELEMENTS (KOHA) | |
| Suppress in OPAC | 0 |
| Withdrawn status | Lost status | Source of classification or shelving scheme | Damaged status | Not for loan | Home library | Current library | Shelving location | Date acquired | Total Checkouts | Full call number | Barcode | Date last seen | Copy number | Price effective from | Koha item type |
|---|---|---|---|---|---|---|---|---|---|---|---|---|---|---|---|
| Dewey Decimal Classification | London | London | News article | 26/11/2003 | WB3945-08 | 124475-1001 | 06/08/2019 | 1 | 06/08/2019 | News article |